Normal view
MARC view
- MS-ELECT-47 MSTHESIS
Entry Topical Term
001 - CONTROL NUMBER
- control field: 72852
003 - CONTROL NUMBER IDENTIFIER
- control field: NUST
005 - DATE AND TIME OF LATEST TRANSACTION
- control field: 20210628204926.0
008 - FIXED-LENGTH DATA ELEMENTS
- fixed length control field: 210628|| aca||aabn | a|a d
040 ## - CATALOGING SOURCE
- Original cataloging agency: NUST
- Transcribing agency: NUST
150 ## - HEADING--TOPICAL TERM
- Topical term or geographic name entry element: MS-ELECT-47 MSTHESIS
670 ## - SOURCE DATA FOUND
- Source citation: Work cat.: (NUST): MUHAMMAD ABDUL RAHIM, 72851, TH-SOF-0604-UNINTERRUPTIBLE POWER SUPPLY WITH MINIMUM HARMONIC DISTORTION, 2020
